3-D Thrillers! Solar System. (Record no. 114403)
[ view plain ]
| 000 -LEADER | |
|---|---|
| fixed length control field | 00282nam a2200109 a 4500 |
| 005 - DATE AND TIME OF LATEST TRANSACTION | |
| control field | 20140414132059.0 |
| 008 - FIXED-LENGTH DATA ELEMENTS--GENERAL INFORMATION | |
| fixed length control field | 110805s19uu xx 00 eng d |
| 050 ## - LIBRARY OF CONGRESS CALL NUMBER | |
| Classification number | TR 523.2 |
| Item number | S1 2000 |
| 245 ## - TITLE STATEMENT | |
| Title | 3-D Thrillers! Solar System. |
| 260 ## - PUBLICATION, DISTRIBUTION, ETC. (IMPRINT) | |
| Place of publication, distribution, etc | China : |
| Name of publisher, distributor, etc | Arcturus, |
| Date of publication, distribution, etc | 2000. |
| Withdrawn status | Lost status | Damaged status | Home library | Current library | Shelving location | Date acquired | Source of acquisition | Total Checkouts | Full call number | Barcode | Date last seen | Price effective from | Koha item type |
|---|---|---|---|---|---|---|---|---|---|---|---|---|---|
| Munich Library | Munich Library | Teachers Reference Section | 08/05/2011 | TR 523.2 S1 2000 | M6219 | 04/14/2014 | 04/14/2014 | Books |